Royal Rumble 2021 entrants (mens) - Statistics

General Stats
  • This quiz has been taken 60 times
  • The average score is 19 of 30
Answer Stats
Hint Answer % Correct
10 Big E
100%
1 Edge
98%
2 Randy Orton
94%
29 Seth Rollins
81%
18 Kane
71%
15 The Miz
71%
25 AJ Styles
69%
21 Dominik Mysterio
69%
26 Rey Mysterio
69%
5 Jeff Hardy
67%
30 Braun Strowman
65%
27 Sheamus
65%
3 Sami Zayn
63%
7 Shinsuke Nakamura
63%
8 Carlito
60%
24 Christian
60%
6 Dolph Ziggler
60%
28 Cesaro
58%
22 Bobby Lashley
56%
14 Damien Priest
56%
16 Riddle
56%
17 Daniel Bryan
54%
11 Ricochet
54%
19 King Corbin
52%
20 Otis
52%
9 Xavier Woods
52%
4 Mustafa Ali
48%
12 John Morrison
46%
23 The Hurricane
38%
13 Elias
33%
No matching quizzes found
Score Distribution
Percent of People with Each Score
Percentile by Number Answered
Your Score History
You have not taken this quiz